| 000 | 00514nam a2200169 a 4500 | ||
|---|---|---|---|
| 005 | 20260421122539.0 | ||
| 008 | 260311s2026##################000#0#eng## | ||
| 020 |
_a9780116212634 _qpbk |
||
| 082 | 0 | 4 |
_a362.2920835 _bGOD.1 |
| 100 | _aGoddard,Eileen | ||
| 245 | 1 | 0 |
_aSmoking, Drinking and Drug Use Among Young Teenagers in 1998 _c/Eileen Goddard, Vanessa Higgins |
| 250 | _a1st ed. | ||
| 260 |
_aLondon: _bStationery Office Books, _c1999. |
||
| 300 |
_a109p. _c;29cm. |
||
| 650 | _a Alcoholism | ||
| 942 | _cENGLISH | ||
| 999 |
_c617550 _d617550 |
||